[Event "ISL-chT 0910"]
[Site "Reykjavik"]
[Date "2009.09.25"]
[Round "1"]
[White "Thorvaldsson, Arni"]
[Black "Danielsen, Henrik"]
[Result "0-1"]
[WhiteElo "1983"]
[BlackElo "2473"]
[PlyCount "30"]
[EventDate "2009.09.25"]
[EventType "team-tourn"]
[EventRounds "7"]
[EventCountry "ISL"]
[SourceTitle "CBM 132 Extra"]
[Source "ChessBase"]
[SourceDate "2009.11.03"]
[SourceVersion "1"]
[SourceVersionDate "2009.11.03"]
[SourceQuality "1"]

1. e4 c5 2. Nf3 Nc6 3. Bb5 g6 4. 0-0 Bg7 5. c3 e5 6. d4 cxd4 7. cxd4 exd4 8. Bf4 Nge7 9. Bd6 0-0 10. Na3 a6 11. Bc4 b5 12. Bd5 h6 13. Nc2 Re8 14. Ncxd4 Nxd5 15. exd5 Nxd4 0-1

[Event "Politiken Cup 29th"]
[Site "Copenhagen"]
[Date "2007.07.29"]
[Round "10"]
[White "Thorvaldsson, Arni"]
[Black "Vas, Peter1111"]
[Result "0-1"]
[WhiteElo "1947"]
[BlackElo "2166"]
[PlyCount "98"]
[EventDate "2007.07.21"]
[EventType "swiss"]
[EventRounds "10"]
[EventCountry "DEN"]
[SourceTitle "CBM 119 Extra"]
[Source "ChessBase"]
[SourceDate "2007.09.04"]
[SourceVersion "1"]
[SourceVersionDate "2007.09.04"]
[SourceQuality "1"]

1. e4 e5 2. Bc4 Nf6 3. d3 d5 4. exd5 Nxd5 5. Nf3 Nc6 6. 0-0 Bc5 7. Re1 0-0 8. Nbd2 Re8 9. Ne4 Be7 10. Bd2 h6 11. Bb5 Bf8 12. Bxc6 bxc6 13. d4 f5 14. Ng3 e4 15. Ne5 Bd6 16. Nc4 Nf6 17. c3 f4 18. Nxd6 Qxd6 19. Nh5 g5 20. Nxf6+ Qxf6 21. Qh5 Bf5 22. c4 Kh7 23. Bc3 Bg6 24. Qh3 Qf7 25. g4 Qxc4 26. Qg2 Qd5 27. b3 h5 28. Rac1 h4 29. h3 Qd6 30. Bb2 Bf7 31. Rc5 Bd5 32. Qf1 a5 33. Ba3 a4 34. b4 Bxa2 35. Rxg5 Bd5 36. Qe2 Rh8 37. Bb2 Qxb4 38. Rh5+ Kg6 39. Re5 Rae8 40. Ba1 Qb3 41. Kh2 a3 42. g5 Rxe5 43. dxe5 Qf3 44. Qc2 Rb8 45. Rd1 Kh5 46. e6 Bxe6 47. g6 Qxh3+ 48. Kg1 f3 49. Qc5+ Kg4 0-1